| 000 | 00484nam a22001817a 4500 | ||
|---|---|---|---|
| 005 | 20251108175045.0 | ||
| 008 | 250721s2010 xx 000 0 eng d | ||
| 082 | 1 | 4 | _aJ/F/ONI |
| 100 | 1 | _aOnish, Liane B. | |
| 245 | 1 | 0 | _aWhere Is Max? / |
| 264 | 1 |
_aamman : _bal-rowad for publishing & distribution, _c2010. |
|
| 300 | _a8P. | ||
| 650 | 1 | 7 | _aFICTION |
| 650 | 1 | 7 | _aCHILDREN |
| 653 | _aمرحلة أطفال متوسطة (6-9) سنوات | ||
| 942 |
_2ddc _cBK |
||
| 999 |
_c125097 _d125097 |
||